| 000 | 00541 a2200181 4500 | ||
|---|---|---|---|
| 005 | 20240524120337.0 | ||
| 010 | _aB-759170 | ||
| 020 |
_a9789354712173 _c400.00 |
||
| 035 | _aB-759170 | ||
| 037 | _bGift | ||
| 082 | _aS | ||
| 245 |
_aFabula Stories Beyond Imagination/ _cRahul Saini |
||
| 260 |
_aGurgaon _bScholastic India Pvt. Ltd. _c2022 |
||
| 270 |
_aA-27 Ground Floor Bharti Sigma Centre Infocity-1 Sector-34 _bGurgaon _e122001 |
||
| 300 |
_a170 p. _c21 cm(Pb) |
||
| 942 |
_adpl _cCH _2ddc _hS _mFAB |
||
| 999 |
_c203218 _d203218 |
||